[Event "EU-ch Online U18 Girls"]
[Site "Tornelo INT"]
[Date "2020.09.20"]
[Round "7"]
[White "Warnaar, Alisha"]
[Black "Villanyi, Alexia"]
[Result "1-0"]
[WhiteElo "1857"]
[BlackElo "1654"]
[PlyCount "143"]
[EventDate "2020.09.18"]
[EventType "swiss (rapid)"]
[EventRounds "9"]
[EventCountry "ENG"]
[SourceTitle "CBM 198 Extra"]
[Source "ChessBase"]
[SourceDate "2020.11.30"]
[SourceVersion "1"]
[SourceVersionDate "2020.11.30"]
[SourceQuality "1"]

1. e4 c5 2. Nf3 Nc6 3. d4 cxd4 4. Nxd4 g6 5. c4 Bg7 6. Be3 Nf6 7. Nc3 Ng4 8. Qxg4 Nxd4 9. Qd1 e5 10. Bd3 0-0 11. 0-0 d6 12. Ne2 Bg4 13. f3 Be6 14. Qd2 Rc8 15. Rac1 Qb6 16. Nxd4 exd4 17. Bf2 Rc6 18. Be2 Rfc8 19. b3 a5 20. Rfd1 a4 21. Bxd4 Bxd4+ 22. Qxd4 axb3 23. Qxb6 Rxb6 24. axb3 Rxb3 25. Rxd6 Rb2 26. Bf1 Ra8 27. c5 Raa2 28. Rd8+ Kg7 29. Rb8 Kf6 30. c6 bxc6 31. Rxb2 Rxb2 32. Rxc6 Ke5 33. Bc4 Rc2 34. Bd5 Rxc6 35. Bxc6 Kf4 36. Kf2 Bc4 37. g3+ Ke5 38. f4+ Kf6 39. Bd7 Ke7 40. Bc8 Kf6 41. Kf3 h5 42. h3 g5 43. e5+ Kg6 44. f5+ Kg7 45. h4 g4+ 46. Kf4 f6 47. Ke4 Bb3 48. Be6 Bc2+ 49. Kd5 fxe5 50. Kxe5 Bd3 51. Bd7 Kf7 52. Kf4 Kf6 53. Be8 Bxf5 54. Bxh5 Bd7 55. Bxg4 Be8 56. Bc8 Kg6 57. g4 Kh6 58. Kf5 Bf7 59. Kf6 Be8 60. Be6 Kh7 61. Bf7 Bb5 62. Bg6+ Kh8 63. g5 Be2 64. h5 Kg8 65. Be8 Bd3 66. g6 Kh8 67. g7+ Kh7 68. Bf7 Bg6 69. hxg6+ Kh6 70. g8Q Kh5 71. Qh7+ Kg4 72. g7 1-0

[Event "EU-ch Online U18 Girls"]
[Site "Tornelo INT"]
[Date "2020.09.18"]
[Round "3"]
[White "Muedder, Melanie"]
[Black "Villanyi, Alexia"]
[Result "1-0"]
[WhiteElo "2039"]
[BlackElo "1654"]
[PlyCount "127"]
[EventDate "2020.09.18"]
[EventType "swiss (rapid)"]
[EventRounds "9"]
[EventCountry "ENG"]
[SourceTitle "CBM 198 Extra"]
[Source "ChessBase"]
[SourceDate "2020.11.30"]
[SourceVersion "1"]
[SourceVersionDate "2020.11.30"]
[SourceQuality "1"]

1. e4 c5 2. Nf3 Nc6 3. d4 cxd4 4. Nxd4 g6 5. Nc3 Bg7 6. Nb3 Nf6 7. Bc4 0-0 8. 0-0 d6 9. Re1 Be6 10. Nd5 Rc8 11. c3 Ne5 12. Bf1 Nc4 13. a4 Bxd5 14. exd5 Nb6 15. Qf3 Nbxd5 16. Bg5 Re8 17. Bb5 Rf8 18. Bxf6 Nxf6 19. Qxb7 Qc7 20. Rxe7 Qxb7 21. Rxb7 Rb8 22. Rxa7 Nd5 23. Na5 Rfc8 24. Nc6 Rb6 25. Rd1 Re8 26. h3 Nf4 27. Ne7+ Rxe7 28. Rxe7 Bf6 29. Rd7 Be5 30. b3 Kg7 31. c4 Kf6 32. a5 Rb8 33. a6 Ne2+ 34. Kf1 Nc3 35. a7 Ra8 36. Bc6 Rxa7 37. Rxa7 Nxd1 38. Ke2 Nc3+ 39. Kd3 Ke6 40. b4 Nd1 41. Bd5+ Kf6 42. Rxf7+ Kg5 43. b5 Bf6 44. f3 Nb2+ 45. Kc2 Na4 46. Rxh7 Bd4 47. Re7 Be5 48. Kb3 Nc5+ 49. Kb4 Nd3+ 50. Ka5 Bc3+ 51. Kb6 Bd4+ 52. Kb7 Nc5+ 53. Kc6 Bf6 54. Rf7 Be5 55. b6 Nd3 56. b7 Nb4+ 57. Kd7 Na6 58. Kc8 Kh6 59. b8Q Nxb8 60. Kxb8 g5 61. Kc7 Kg6 62. Kd7 Bf4 63. Ke6 Be5 64. c5 1-0

[Event "Wch U14 Girls"]
[Site "Porto Carras"]
[Date "2018.10.23"]
[Round "5"]
[White "Ehsani, Yassamin L"]
[Black "Villanyi, Alexia"]
[Result "1-0"]
[WhiteElo "1875"]
[BlackElo "1709"]
[PlyCount "131"]
[EventDate "2018.10.20"]
[EventType "swiss"]
[EventRounds "11"]
[EventCountry "GRE"]
[SourceTitle "CBM 187 Extra"]
[Source "ChessBase"]
[SourceDate "2018.11.04"]
[SourceVersion "1"]
[SourceVersionDate "2018.11.04"]
[SourceQuality "1"]

1. e4 c5 2. Nc3 Nc6 3. Bb5 Nd4 4. Bc4 e6 5. Nge2 Be7 6. d3 a6 7. a4 d6 8. 0-0 Nf6 9. Nxd4 cxd4 10. Ne2 e5 11. c3 dxc3 12. Nxc3 Be6 13. Qb3 Bxc4 14. dxc4 Rb8 15. Be3 Qd7 16. f3 0-0 17. Qa2 Rfc8 18. b3 Qc6 19. Qf2 Bd8 20. Rfd1 Ba5 21. Rac1 Bb4 22. g3 b6 23. Rd3 Bc5 24. Rcd1 Rd8 25. Nd5 Nxd5 26. Rxd5 Rd7 27. Qd2 Rbd8 28. Kg2 Bxe3 29. Qxe3 f6 30. Qd3 Kf7 31. h4 Ke7 32. f4 Qc7 33. f5 Qc6 34. g4 h6 35. Qd2 Rh8 36. Kf3 Qc7 37. Kg3 Qb8 38. Kh2 Qc7 39. Kh3 Rdd8 40. Kg3 Qb8 41. Kf3 Qc7 42. Qg2 Qb8 43. R1d3 Qc7 44. Qd2 Qb8 45. Qb2 Qc7 46. Qa2 Qb8 47. a5 Qc7 48. Kg2 Rd7 49. Qa3 Rhd8 50. axb6 Qxb6 51. Ra5 Ra8 52. Rad5 Rad8 53. Qa5 Qxa5 54. Rxa5 Ra7 55. Kf2 Kd7 56. Ke2 Kc6 57. b4 Rdd7 58. Kd2 Kb6 59. Kc3 Rac7 60. Rad5 Rc6 61. Kb3 Kb7 62. c5 Kc7 63. Ka4 Kb7 64. Rxd6 Rcxd6 65. Rxd6 Rc7 66. Ka5 1-0

[Event "EU-ch U12 Girls 26th"]
[Site "Prague"]
[Date "2016.08.27"]
[Round "9"]
[White "Villanyi, Alexia"]
[Black "Donghvani, Nia"]
[Result "0-1"]
[WhiteElo "1439"]
[BlackElo "1686"]
[PlyCount "80"]
[EventDate "2016.08.18"]
[EventType "swiss"]
[EventRounds "9"]
[EventCountry "CZE"]
[SourceTitle "CBM 174 Extra"]
[Source "ChessBase"]
[SourceDate "2016.10.10"]
[SourceVersion "1"]
[SourceVersionDate "2016.10.10"]
[SourceQuality "1"]

1. e4 c5 2. Nf3 d6 3. d4 cxd4 4. Nxd4 Nf6 5. Nc3 g6 6. Be2 Bg7 7. 0-0 0-0 8. Be3 Nc6 9. Nb3 b6 10. f4 Bb7 11. Bf3 e5 12. f5 Ne7 13. Qe1 gxf5 14. exf5 d5 15. Bg5 e4 16. Bd1 Kh8 17. Qh4 Neg8 18. Nd4 h6 19. Bg4 Qc8 20. Be2 Qc5 21. Be3 Ng4 22. Na4 Qb4 23. c3 Qxa4 24. Bxg4 Bf6 25. Qh3 Kh7 26. Bh5 Qd7 27. g4 Qe7 28. Kh1 Bg5 29. f6 Bxf6 30. Nf5 Qd8 31. Bxh6 Nxh6 32. Nxh6 Kxh6 33. g5+ Bxg5 34. Bxf7+ Kg7 35. Qh5 d4 36. Qg6+ Kh8 37. h4 e3+ 38. Kg1 Rg8 39. Bxg8 Qxg8 40. Qh5+ Bh6+ 0-1

[Event "EU-ch U12 Girls 26th"]
[Site "Prague"]
[Date "2016.08.24"]
[Round "6"]
[White "Sawhney, Anisha"]
[Black "Villanyi, Alexia"]
[Result "1-0"]
[WhiteElo "1301"]
[BlackElo "1439"]
[PlyCount "87"]
[EventDate "2016.08.18"]
[EventType "swiss"]
[EventRounds "9"]
[EventCountry "CZE"]
[SourceTitle "CBM 174 Extra"]
[Source "ChessBase"]
[SourceDate "2016.10.10"]
[SourceVersion "1"]
[SourceVersionDate "2016.10.10"]
[SourceQuality "1"]

1. d4 Nf6 2. Bf4 g6 3. Nf3 Bg7 4. e3 d6 5. Bd3 Nbd7 6. h3 c5 7. c3 a6 8. Nbd2 b5 9. a3 Qb6 10. Qe2 Bb7 11. 0-0 0-0 12. Kh1 c4 13. Bc2 h6 14. Rg1 Nd5 15. Bh2 g5 16. e4 Nc7 17. e5 Ne6 18. Bf5 Rae8 19. Nxg5 Nxg5 20. Bxd7 Rd8 21. Bf5 Qc6 22. f4 Ne6 23. Be4 Qc7 24. Bxb7 Qxb7 25. f5 Ng5 26. exd6 exd6 27. Nf3 Rfe8 28. Qf2 Ne4 29. Qc2 Qd5 30. Rgf1 Qxf5 31. Rac1 Qd5 32. Nd2 Ng5 33. Rf5 Qb7 34. Rcf1 Re2 35. R5f2 Rde8 36. h4 Nh3 37. Rf3 Re1 38. Rxe1 Rxe1+ 39. Nf1 Qd5 40. Qf5 Qxf5 41. Rxf5 Re2 42. gxh3 Rxb2 43. Bxd6 Rb3 44. Bb4 1-0

[Event "EU-ch U12 Girls 26th"]
[Site "Prague"]
[Date "2016.08.22"]
[Round "5"]
[White "Villanyi, Alexia"]
[Black "Popovic, Mateja"]
[Result "1-0"]
[WhiteElo "1439"]
[BlackElo "1145"]
[PlyCount "85"]
[EventDate "2016.08.18"]
[EventType "swiss"]
[EventRounds "9"]
[EventCountry "CZE"]
[SourceTitle "CBM 174 Extra"]
[Source "ChessBase"]
[SourceDate "2016.10.10"]
[SourceVersion "1"]
[SourceVersionDate "2016.10.10"]
[SourceQuality "1"]

1. e4 e5 2. Nf3 Nc6 3. Nc3 d6 4. Bb5 Bd7 5. 0-0 Nf6 6. d3 Be7 7. Ne2 0-0 8. Ng3 a6 9. Bc4 Na5 10. Bd5 Nxd5 11. exd5 b6 12. Ne1 Qc8 13. h3 Re8 14. Nf3 Nb7 15. Bg5 Qd8 16. Qd2 Bxg5 17. Nxg5 Qf6 18. N3e4 Qg6 19. Kh2 Rac8 20. Rae1 f6 21. Nf3 Qf7 22. c4 Bf5 23. Ng3 Bd7 24. d4 exd4 25. Qxd4 Qg6 26. Nh4 Qc2 27. f4 Qa4 28. f5 Qxa2 29. Qg4 Rf8 30. Re7 Rf7 31. Rfe1 Rcf8 32. Nh5 Qxb2 33. Nxg7 Kh8 34. Nh5 Rg8 35. Qf4 Rxe7 36. Rxe7 Be8 37. Qh6 Qe5+ 38. Rxe5 dxe5 39. Ng6+ Bxg6 40. fxg6 Rxg6 41. Qf8+ Rg8 42. Qxf6+ Rg7 43. Qxg7# 1-0

[Event "SUI-ch U10"]
[Site "Cham"]
[Date "2014.07.06"]
[Round "7"]
[White "Villanyi, Alexia"]
[Black "Fecker, Noah"]
[Result "1-0"]
[WhiteElo "1551"]
[BlackElo "1606"]
[PlyCount "65"]
[EventDate "2014.07.03"]
[EventType "tourn"]
[EventRounds "7"]
[EventCountry "SUI"]
[SourceTitle "CBM 161 Extra"]
[Source "ChessBase"]
[SourceDate "2014.08.29"]
[SourceVersion "1"]
[SourceVersionDate "2014.08.29"]
[SourceQuality "1"]

1. e4 e5 2. Nf3 Nc6 3. Nc3 Nf6 4. Bb5 a6 5. Bxc6 dxc6 6. Nxe5 Qd4 7. Nf3 Qb6 8. 0-0 Bg4 9. d4 Bxf3 10. Qxf3 Qxd4 11. Bg5 Be7 12. Qg3 Bd6 13. Qh3 h6 14. a3 Nh7 15. Be3 Qf6 16. Rad1 0-0 17. Bd4 Qg6 18. Qh4 Ng5 19. f4 Nxe4 20. f5 Qg5 21. Qxe4 Rfe8 22. Qf3 Rad8 23. Bf2 Kf8 24. Qh3 Kg8 25. Bh4 Bc5+ 26. Kh1 Rxd1 27. Nxd1 Qd2 28. Nc3 Qxc2 29. Qg4 Qxb2 30. Bf6 g5 31. fxg6 Kf8 32. gxf7 Kxf7 33. Bh4+ 1-0